000 002430000a22000970004500
100 1 _aStorkey, Elaine
245 1 0 _aModernity and anthropology
300 _aVol. 18, Núm 65 (1993), Páginas 10-11
773 0 _tWorld Evangelization
942 _cANA
999 _c57773
_d57773